000 00288nam a2200121Ia 4500
008 220204s9999 xx 000 0 und d
082 _a632.95
_bMAT;1
100 _aG A
245 0 _aPesticide application methods
260 _aLondon
_bLongman
_c1979
650 _aPesticides
942 _cBK
999 _c31375
_d31375